000 00718nam a22001937a 4500
005 20180523153355.0
010 _aB-682204-212
020 _a9789385755583
_c350.00
035 _aB-682204-212
037 _bPragati
_adpl
037 _bDBAD/PUB
082 _a891.4
245 _aRiver of flesh and other stories :
_cedited by Ruchira Gupta
_bthe prostituted woman in Indian short fiction /
260 _aNew Delhi
_bSpeaking Tiger
_c2016
270 _a4381/4, Ansari Road, Daryaganj
_bNew Delhi
_e110002
300 _a256p.
_b21cm(pbk)
942 _2ddc
_cEN
_h819.4
_mRIV
999 _c152098
_d152098